000 00904nam a22002177a 4500
003 OSt
005 20250922162237.0
008 240313b ||||| |||| 00| 0 eng d
040 _c0
082 _aDPer 621.381 In821 August 2022 v. 37 n. 8
100 _aWang, Wusen.
_eauthor.
_954510
245 _aDecoupled modulation scheme for harmonic current suppression in five-phase PMSM /
_cWusen Wang, Zaixin Song, Yuxin Liu, and Chunhua Liu.
260 _aNew York ;
_bThe Institute of Electrical and Electronics Engineers, Inc. ,
_cAugust 2022.
300 _aVolume 37, pages 8795-8799 :
_billustration ;
_c28 cm.
500 _aIEEE Transitions on Power Electronics, v. 37 n. 8, pages 8795-8799, August 2022.
700 _aWang, Wusen.
_eauthor.
_954510
700 _aSong, Zaixin.
_eauthor.
_954511
700 _aLiu, Yuxin.
_eauthor.
_954512
700 _aLiu, Chunhua.
_eauthor.
_954513
942 _2ddc
_cPER
999 _c19650
_d19650